000 00849nam a2200241Ia 4500
001 2962
003 GE_BSU
008 181216s||||||||xx |||||||||||||| ||und||
020 _a5851770295;0745606296
040 _cGE_BSU
080 _a330.44
100 _aКурц, Х.Д.
245 _aКапитал распределение эффективный спрос=Cfpital , Distribution and Efftctive Demand
245 _cПер. с.англ под. ред. член. корр.Ран И.И. Елисевой. Егл. ред изд.-ва Н.Д.Эриашвили
260 _aМосква
260 _bАудит, Юнити
260 _c1998
300 _a294 ст.
520 _aРусск; Англ;
541 _h10 Л.
653 _aКапитал распределение эффективный спрос
942 _cBK
999 _c37010
_d37010